000 00839cam a2200241 a 4500
001 000005003
005 20200929151545.0
008 780614s1971 sp b 001 p spa
040 _aDO-SdBNP
_cIC
_dOCoLC
_dDLC
082 _a861.09
_bF288p, 1971
100 1 _aFeal Deibe, Carlos.
_914428
245 1 3 _aLa poesía de Pedro Salinas /
_cCarlos Feal Deibe.
250 _a2a ed.
260 _aMadrid :
_bGredos,
_c1971.
300 _a265 p. ;
_c20 cm.
490 1 _aBiblioteca románica hispánica
490 1 _aEstudios y ensayos
504 _aBibliografía: p. [267]
600 1 4 _aSalinas, Pedro,
_q(Pedro Salinas Serrano),
_d1892-1951
_xCRÍTICA E INTERPRETACIÓN
_914429
650 4 _aCrítica literaria
_xEspaña
_914430
830 0 _aBiblioteca románica hispánica,
_pestudios y ensayos.
_98770
910 _aCatalogación por copia / LC
999 _c4809
_d4809